The complete short stories of Mark Twain

Gespeichert in:
Bibliographische Detailangaben
1. Verfasser: Twain, Mark
Format: Buch
Sprache:Undetermined
Veröffentlicht: New York Doubleday and Co 1957
Schlagworte:
Tags: Tag hinzufügen
Keine Tags, Fügen Sie den ersten Tag hinzu!
Thư viện lưu trữ: Trung tâm Học liệu Trường Đại học Cần Thơ
LEADER 00539nam a2200169Ia 4500
001 CTU_12890
008 210402s9999 xx 000 0 und d
082 |a 813.54 
082 |b T969 
100 |a Twain, Mark 
245 4 |a The complete short stories of Mark Twain 
245 0 |c Mark Twain 
260 |a New York 
260 |b Doubleday and Co 
260 |c 1957 
650 |a American fiction,Truyện ngắn, người Mỹ,Tiểu thuyết Mỹ,Short stories, American 
980 |a Trung tâm Học liệu Trường Đại học Cần Thơ